000
00227nam a2200097Ia 4500
008
230605s9999 xx 000 0 und d
041
_a
eng
100
_a
Anderws
245
_a
Hotel House Keeping Service Mannual
650
_a
H.K.
999
_c
417128
_d
417128